<?xml version="1.0" encoding="UTF-8"?>
<marc:record xmlns:marc="http://www.loc.gov/MARC21/slim">
   <marc:leader>00000nam a2200000 a 4500</marc:leader>
   <marc:datafield ind1="1" ind2=" " tag="100">
      <marc:subfield code="a">Beaton, M. C.</marc:subfield>
      <marc:subfield code="4">aut</marc:subfield>
      <marc:subfield code="e">Verfasser/-in</marc:subfield>
   </marc:datafield>
   <marc:datafield ind1="0" ind2="0" tag="245">
      <marc:subfield code="a">Hamish Macbeth gerät ins Schwitzen</marc:subfield>
   </marc:datafield>
   <marc:datafield ind1="0" ind2="0" tag="245">
      <marc:subfield code="b">Kriminalroman</marc:subfield>
   </marc:datafield>
   <marc:datafield ind1="0" ind2="0" tag="245">
      <marc:subfield code="c">Beaton, M. C.</marc:subfield>
   </marc:datafield>
   <marc:datafield ind1=" " ind2="1" tag="264">
      <marc:subfield code="a">Köln</marc:subfield>
      <marc:subfield code="b">Lübbe</marc:subfield>
      <marc:subfield code="c">2024</marc:subfield>
   </marc:datafield>
   <marc:datafield ind1="1" ind2=" " tag="490">
      <marc:subfield code="a">Schottland-Krimis</marc:subfield>
      <marc:subfield code="v">17</marc:subfield>
   </marc:datafield>
   <marc:datafield ind1="1" ind2=" " tag="520">
      <marc:subfield code="a">Wenn Reality-TV ein bisschen zu real wird ...&#xD;
&#xD;
Das Dörfchen Lochdubh kennt kaum jemand im Rest des Landes. Jedenfalls, bis die bekannte Fernsehreporterin Crystal French in ihrem schicken Wagen ins Dorf rast. Hamish Macbeth drückt ihr prompt einen Strafzettel aufs Auge. Empört macht Crystal dem Police Constable mit einem Fernsehbericht über die Polizeiarbeit in den Highlands das Leben zur Hölle. Als sie auch noch alte Skandale für ihre neue und sehr erfolgreiche Show aufrollt, steht für Hamish fest: Die Frau muss man aufhalten! Dann tut es jemand. Und Crystal ist mausetot. Um herauszufinden, wer die neugierige Reporterin auf dem Gewissen hat, muss der lakonische Polizist Wege beschreiten, die er sich nie hätte vorstellen können ...</marc:subfield>
   </marc:datafield>
   <marc:datafield ind1=" " ind2=" " tag="020">
      <marc:subfield code="a">9783404194070</marc:subfield>
      <marc:subfield code="9">9783404194070</marc:subfield>
   </marc:datafield>
   <marc:datafield ind1=" " ind2=" " tag="020">
      <marc:subfield code="a">3404194071</marc:subfield>
      <marc:subfield code="9">3404194071</marc:subfield>
   </marc:datafield>
   <marc:datafield ind1=" " ind2=" " tag="041">
      <marc:subfield code="a">ger</marc:subfield>
   </marc:datafield>
   <marc:datafield ind1=" " ind2=" " tag="300">
      <marc:subfield code="a">302 Seiten</marc:subfield>
   </marc:datafield>
</marc:record>
